000 00530nam a2200205Ia 4500
005 20260429111946.0
008 260429s9999||||xx |||||||||||||| ||und||
020 _a9789354247835
041 _aEnglish
082 _a004.678
_bCHA
100 _aChakraborty, Tanmoy
245 0 _aSocial network analysis /
_cTanmoy Chakraborty
250 _a1st ed.
260 _aIndia :
_bWiley,
_c2021.
300 _axxii, 376 p.; pbk
650 _a Internet
650 _a Social networking
650 _aComputer science
942 _cTB
999 _c51627
_d51627